[Event "14MCR_F"]
[Site "?"]
[Date "1999.??.??"]
[Round "?"]
[White "Jandovsky, Viktor"]
[Black "Cerny, Jan"]
[Result "1/2-1/2"]
[WhiteElo "2315"]
[BlackElo "2380"]
[PlyCount "52"]
[EventDate "1999.??.??"]
[EventType "corr"]
[SourceDate "2009.11.04"]

1. e4 c6 2. d4 d5 3. Nc3 dxe4 4. Nxe4 Nd7 5. Ng5 Ngf6 6. Bd3 e6 7. N1f3 Bd6 8.
Qe2 h6 9. Ne4 Nxe4 10. Qxe4 c5 11. O-O Qc7 12. Qg4 Kf8 13. Re1 b6 14. c3 Bb7
15. h4 cxd4 16. cxd4 Nf6 17. Qh3 Nd5 18. Bd2 Nf4 19. Bxf4 Bxf4 20. Be4 Bxe4 21.
Rxe4 Rd8 22. Rae1 g6 23. Ne5 Bxe5 24. dxe5 Kg7 25. h5 Qe7 26. hxg6 fxg6 1/2-1/2

[Event "14MCR_F"]
[Site "?"]
[Date "1999.??.??"]
[Round "?"]
[White "Straka, Zdenek"]
[Black "Merlicek, Jiri"]
[Result "1-0"]
[WhiteElo "2295"]
[BlackElo "2380"]
[PlyCount "85"]
[EventDate "1999.??.??"]
[EventType "corr"]
[SourceDate "2009.11.04"]

1. d4 Nf6 2. Nf3 g6 3. c4 Bg7 4. Nc3 O-O 5. e4 d6 6. Be2 e5 7. O-O Nc6 8. d5
Ne7 9. Ne1 Nd7 10. f3 f5 11. Be3 f4 12. Bf2 g5 13. a4 a5 14. Nd3 b6 15. Be1 Nf6
16. Nf2 h5 17. h3 Kh8 18. Nb5 Rg8 19. b4 axb4 20. Bxb4 Qd7 21. a5 c5 22. dxc6
Nxc6 23. Bxd6 bxa5 24. c5 Bf8 25. Bc4 Ba6 26. Bxg8 Bxb5 27. Bxf8 Bxf1 28. Qxd7
Nxd7 29. Bd5 Bb5 30. Bd6 Ra6 31. Be6 Ra7 32. Rb1 Ba4 33. Bxd7 Rxd7 34. Nd3 Bc2
35. Rb6 Bxd3 36. Rxc6 Kh7 37. Bxe5 a4 38. Rc8 Ba6 39. Rh8+ Kg6 40. c6 Rd1+ 41.
Kh2 Rc1 42. c7 Rc5 43. Bd6 1-0

[Event "14MCR_F"]
[Site "?"]
[Date "1999.??.??"]
[Round "?"]
[White "Matousek, Jan ml."]
[Black "Urbanek, Stepan"]
[Result "1/2-1/2"]
[WhiteElo "2290"]
[BlackElo "2385"]
[PlyCount "89"]
[EventDate "1999.??.??"]
[EventType "corr"]
[SourceDate "2009.11.04"]

1. d4 Nf6 2. c4 e6 3. Nc3 Bb4 4. e3 c5 5. a3 Bxc3+ 6. bxc3 Nc6 7. Bd3 b6 8. Ne2
O-O 9. O-O Ba6 10. e4 Ne8 11. f4 f5 12. Ng3 g6 13. Be3 cxd4 14. cxd4 d5 15.
cxd5 Bxd3 16. Qxd3 fxe4 17. Qxe4 Qxd5 18. Rac1 Rc8 19. Qxd5 exd5 20. f5 Nd6 21.
Bh6 Rf7 22. fxg6 hxg6 23. Rxf7 Kxf7 24. Ne2 Ne7 25. Rf1+ Ke8 26. Rf8+ Kd7 27.
Rxc8 Nexc8 28. h4 Nc4 29. Bc1 Ne7 30. g4 Ke6 31. h5 gxh5 32. gxh5 b5 33. Kf2
Nc6 34. Ke1 Kf5 35. Kd1 a5 36. Kc2 b4 37. h6 Kg6 38. axb4 Nxb4+ 39. Kb3 Nd6 40.
Nf4+ Kxh6 41. Nxd5+ Kg6 42. Nxb4 axb4 43. Kxb4 Nf5 44. d5 Kf6 45. Kc5 1/2-1/2

[Event "14MCR_F"]
[Site "?"]
[Date "1999.??.??"]
[Round "?"]
[White "Matousek, Jan st."]
[Black "Hybl, Jaroslav"]
[Result "0-1"]
[WhiteElo "2285"]
[BlackElo "2415"]
[PlyCount "100"]
[EventDate "1999.??.??"]
[EventType "corr"]
[SourceDate "2009.11.04"]

1. d4 Nf6 2. c4 g6 3. Nc3 d5 4. cxd5 Nxd5 5. e4 Nxc3 6. bxc3 Bg7 7. Bc4 O-O 8.
Ne2 c5 9. O-O Nc6 10. Be3 Bg4 11. f3 Na5 12. Bxf7+ Rxf7 13. fxg4 Rxf1+ 14. Kxf1
Qd6 15. Kg1 Qe6 16. Qd3 Qc4 17. Qxc4+ Nxc4 18. Bg5 h6 19. Bxe7 Re8 20. Bxc5 b6
21. Bxb6 axb6 22. e5 Ra8 23. Nf4 Kf7 24. Kf2 Ra3 25. Nd5 Ke6 26. Nf4+ Kf7 27.
Ne2 Ke6 28. Kf3 g5 29. Ke4 b5 30. h3 Ra4 31. Ng3 Nxe5 32. Nf5 Bf8 33. Rb1 Nd7
34. Rb2 Nf6+ 35. Kd3 Ra5 36. Ne3 Bd6 37. Re2 Kd7 38. Rb2 Ke6 39. Re2 Kd7 40.
Rb2 Kc6 41. Nf5 Nd5 42. Nxh6 Bf4 43. Nf5 Ra3 44. Rb3 Rxa2 45. g3 Rd2+ 46. Ke4
Bc7 47. Ra3 Ra2 48. Rb3 Rh2 49. h4 gxh4 50. gxh4 Rh3 0-1

[Event "14MCR_F"]
[Site "?"]
[Date "1999.??.??"]
[Round "?"]
[White "Omelka, Roman"]
[Black "Hala, Martin"]
[Result "1/2-1/2"]
[WhiteElo "2255"]
[BlackElo "2435"]
[PlyCount "71"]
[EventDate "1999.??.??"]
[EventType "corr"]
[SourceDate "2009.11.04"]

1. e4 e5 2. Nf3 Nc6 3. Bb5 a6 4. Ba4 Nf6 5. O-O Nxe4 6. d4 b5 7. Bb3 d5 8. dxe5
Be6 9. c3 Bc5 10. Nbd2 O-O 11. Bc2 Nxf2 12. Rxf2 f6 13. exf6 Bxf2+ 14. Kxf2
Qxf6 15. Nf1 Ne5 16. Be3 Rae8 17. Bc5 Nxf3 18. gxf3 Rf7 19. Kg2 d4 20. Bxd4
Qg5+ 21. Ng3 c5 22. Bf2 Rxf3 23. Be4 Bh3+ 24. Kxh3 Rxf2 25. Qd5+ Qxd5 26. Bxd5+
Kh8 27. b4 Rd8 28. Re1 g6 29. Re5 cxb4 30. cxb4 Kg7 31. Re7+ Kf8 32. Re5 Rd7
33. Bb3 Rdd2 34. Ne4 Rxh2+ 35. Kg3 Rde2 36. Rd5 1/2-1/2

[Event "14MCR_F"]
[Site "?"]
[Date "1999.??.??"]
[Round "?"]
[White "Pesr, Jaromir"]
[Black "Vavrla, Zdenek"]
[Result "0-1"]
[WhiteElo "2225"]
[BlackElo "2440"]
[PlyCount "92"]
[EventDate "1999.??.??"]
[EventType "corr"]
[SourceDate "2009.11.04"]

1. e4 e5 2. Nf3 Nc6 3. Bb5 a6 4. Bxc6 dxc6 5. O-O Qd6 6. d3 Ne7 7. Nbd2 Ng6 8.
Nc4 Qf6 9. Bg5 Qe6 10. Qe1 f6 11. Be3 Bd7 12. a4 Rc8 13. Qc3 Be7 14. h3 O-O 15.
b4 Rcd8 16. a5 Rfe8 17. Rfe1 Qf7 18. Rab1 Nf8 19. Nb2 Qg6 20. Kh1 Qh5 21. Nh2
Ne6 22. Na4 Bc8 23. Nc5 Nd4 24. f4 Kh8 25. f5 g6 26. fxg6 hxg6 27. Rf1 Kg7 28.
Qd2 Qe2 29. Qxe2 Nxe2 30. Rf2 Ng3+ 31. Kg1 f5 32. Nf1 Nxf1 33. Rfxf1 f4 34. Bf2
g5 35. Be1 Rh8 36. Bc3 Bf6 37. Kf2 Kf7 38. Rg1 Rdg8 39. Rbf1 Rh4 40. Ke2 g4 41.
hxg4 Rhxg4 42. Rf2 Rg3 43. Kf1 f3 44. Nb3 Ke7 45. Bb2 Bh3 46. Nd2 fxg2+ 0-1

[Event "14MCR_F"]
[Site "?"]
[Date "1999.??.??"]
[Round "?"]
[White "Hybl, Jaroslav"]
[Black "Pospisil, Ludvik"]
[Result "1-0"]
[WhiteElo "2415"]
[BlackElo "2330"]
[PlyCount "115"]
[EventDate "1999.??.??"]
[EventType "corr"]
[SourceDate "2009.11.04"]

1. d4 d5 2. c4 e6 3. Nc3 c6 4. e3 Nf6 5. Nf3 Nbd7 6. Bd3 dxc4 7. Bxc4 b5 8. Bd3
a6 9. e4 c5 10. d5 c4 11. dxe6 fxe6 12. Bc2 Qc7 13. O-O Bb7 14. Ng5 Nc5 15. e5
Qxe5 16. Re1 Qd6 17. Qxd6 Bxd6 18. Be3 O-O 19. Rad1 Nd3 20. Bxd3 cxd3 21. Rxd3
Bd5 22. Nxd5 exd5 23. Bd4 Rfe8 24. Red1 Be5 25. Nf3 Bxd4 26. Nxd4 b4 27. f3
Rac8 28. Kf2 a5 29. a3 Rc7 30. axb4 axb4 31. R1d2 Rec8 32. Nf5 Rf8 33. Ke1 Rc1+
34. Ke2 Kf7 35. Ne3 Re8 36. Rb3 Rc4 37. Kd1 Rc5 38. Rd4 Rb5 39. Nf5 Re6 40.
Rdxb4 Rxb4 41. Rxb4 Ne8 42. Rb5 Re5 43. g4 h5 44. h3 hxg4 45. hxg4 g6 46. Rb7+
Kf6 47. Nd4 Re7 48. Rb6+ Kg7 49. Ne6+ Kf7 50. Ng5+ Kg7 51. Kd2 Rd7 52. Kd3 Nd6
53. Kd4 Nc4 54. Rb5 Kf6 55. f4 Kg7 56. b4 Na3 57. Rb6 Nc2+ 58. Kd3 1-0

[Event "14MCR_F"]
[Site "?"]
[Date "1999.??.??"]
[Round "?"]
[White "Pospisil, Ludvik"]
[Black "Hala, Martin"]
[Result "1-0"]
[WhiteElo "2330"]
[BlackElo "2435"]
[PlyCount "45"]
[EventDate "1999.??.??"]
[EventType "corr"]
[SourceDate "2009.11.04"]

1. e4 e5 2. f4 d5 3. exd5 e4 4. d3 Nf6 5. dxe4 Nxe4 6. Nf3 c6 7. Bd3 Nf6 8.
dxc6 Nxc6 9. Nc3 Be7 10. Be3 O-O 11. Qd2 Ng4 12. O-O-O Qa5 13. h3 Nxe3 14. Qxe3
Bf6 15. Nd5 Qxa2 16. Nxf6+ gxf6 17. Nd2 Kh8 18. Qe1 Rg8 19. Qh4 Rg7 20. Qxf6
Be6 21. Rhe1 Nb4 22. Be4 Qa5 23. f5 1-0

[Event "14MCR_F"]
[Site "?"]
[Date "1999.??.??"]
[Round "?"]
[White "Vavrla, Zdenek"]
[Black "Pospisil, Ludvik"]
[Result "0-1"]
[WhiteElo "2440"]
[BlackElo "2330"]
[PlyCount "66"]
[EventDate "1999.??.??"]
[EventType "corr"]
[SourceDate "2009.11.04"]

1. d4 d5 2. Nf3 c6 3. c4 e6 4. Qc2 Nf6 5. Bg5 dxc4 6. Qxc4 Nbd7 7. Nbd2 Qa5 8.
a3 Ne4 9. Bf4 Be7 10. b4 Qf5 11. e3 Nxd2 12. Nxd2 e5 13. Bd3 Qh5 14. dxe5 Nxe5
15. Bxe5 Qxe5 16. Rd1 a5 17. b5 Be6 18. Qc2 cxb5 19. Nf3 Qh5 20. Nd4 O-O 21.
Nxb5 Rac8 22. Qb1 Bg4 23. Rd2 Rfd8 24. O-O g6 25. Rb2 Bf6 26. Rd2 Qg5 27. Kh1
Rc5 28. f4 Qh4 29. Kg1 Rcd5 30. e4 Bd4+ 31. Nxd4 Rxd4 32. Qc2 R8d7 33. Qc8+ Qd8
0-1

[Event "14MCR_F"]
[Site "?"]
[Date "1999.??.??"]
[Round "?"]
[White "Pospisil, Ludvik"]
[Black "Rybak, Milan"]
[Result "1/2-1/2"]
[WhiteElo "2330"]
[BlackElo "2440"]
[PlyCount "72"]
[EventDate "1999.??.??"]
[EventType "corr"]
[SourceDate "2009.11.04"]

1. e4 e5 2. f4 exf4 3. Nf3 g5 4. h4 g4 5. Ne5 Nf6 6. Bc4 d5 7. exd5 Bd6 8. d4
O-O 9. Bxf4 Nh5 10. g3 f6 11. Nxg4 Qe8+ 12. Kd2 Nxf4 13. gxf4 Qe4 14. Kc3 Qxf4
15. Be2 c5 16. Kb3 b5 17. a3 Qxd4 18. Qxd4 cxd4 19. Rd1 f5 20. Nf2 Bb7 21. Bxb5
Bxd5+ 22. c4 Bf7 23. Nd2 a6 24. Ba4 Ra7 25. Nd3 Nd7 26. Rg1+ Kh8 27. Bxd7 Rxd7
28. Rae1 Rc7 29. Ne5 Bh5 30. Kc2 f4 31. Rg5 Bxe5 32. Rexe5 Bg6+ 33. Kd1 f3 34.
h5 Bd3 35. Nxf3 h6 36. Rg3 Bxc4 1/2-1/2

[Event "14MCR_F"]
[Site "?"]
[Date "1999.??.??"]
[Round "?"]
[White "Cerny, Jan"]
[Black "Rybak, Milan"]
[Result "0-1"]
[WhiteElo "2355"]
[BlackElo "2440"]
[PlyCount "68"]
[EventDate "1999.??.??"]
[EventType "corr"]
[SourceDate "2009.11.04"]

1. d4 Nf6 2. c4 e6 3. Nf3 d5 4. Nc3 c5 5. cxd5 Nxd5 6. e3 Nc6 7. Bd3 Be7 8. O-O
O-O 9. Re1 b6 10. a3 Bb7 11. Ne4 cxd4 12. exd4 Rc8 13. b4 h6 14. Bb2 Nf4 15.
Bf1 a5 16. b5 Nb8 17. Ne5 Nd7 18. Qf3 f5 19. Nf6+ Bxf6 20. Qxf4 Bg5 21. Qg3
Nxe5 22. Qxe5 Bd5 23. f4 Bf6 24. Qe3 Be4 25. Bd3 Bxd3 26. Qxd3 Qd5 27. Rad1
Rfd8 28. Qe2 Rd6 29. Ba1 Qb3 30. Qd3 Qxd3 31. Rxd3 Rc2 32. Kh1 Rd5 33. Rde3
Rxb5 34. Rxe6 Rb3 0-1

[Event "14MCR_F"]
[Site "?"]
[Date "1999.??.??"]
[Round "?"]
[White "Rybak, Milan"]
[Black "Merlicek, Jiri"]
[Result "1/2-1/2"]
[WhiteElo "2440"]
[BlackElo "2380"]
[PlyCount "45"]
[EventDate "1999.??.??"]
[EventType "corr"]
[SourceDate "2009.11.04"]

1. e4 c5 2. c3 Nf6 3. e5 Nd5 4. d4 cxd4 5. Nf3 Nc6 6. Bc4 Nb6 7. Bb3 d5 8. exd6
Qxd6 9. Na3 dxc3 10. Qe2 Bf5 11. Nb5 Qd7 12. Ne5 Nxe5 13. Qxe5 Rc8 14. Nxc3 Bd3
15. Be3 Nc4 16. Qg3 Na5 17. Bd1 e6 18. Bh5 g6 19. Rd1 Nc4 20. Bc1 gxh5 21. Rxd3
Qc7 22. Qxc7 Rxc7 23. O-O 1/2-1/2

[Event "14MCR_F"]
[Site "?"]
[Date "1999.??.??"]
[Round "?"]
[White "Urbanek, Stepan"]
[Black "Rybak, Milan"]
[Result "1/2-1/2"]
[WhiteElo "2385"]
[BlackElo "2440"]
[PlyCount "29"]
[EventDate "1999.??.??"]
[EventType "corr"]
[SourceDate "2009.11.04"]

1. d4 Nf6 2. c4 e6 3. Nc3 d5 4. Bg5 Be7 5. e3 O-O 6. Nf3 h6 7. Bxf6 Bxf6 8. Qc2
Na6 9. Qd2 dxc4 10. Bxc4 c5 11. Ne4 cxd4 12. Nxf6+ Qxf6 13. Qxd4 Qxd4 14. Nxd4
Nc5 15. Rc1 1/2-1/2

[Event "14MCR_F"]
[Site "?"]
[Date "1999.??.??"]
[Round "?"]
[White "Rybak, Milan"]
[Black "Hybl, Jaroslav"]
[Result "1/2-1/2"]
[WhiteElo "2440"]
[BlackElo "2415"]
[PlyCount "58"]
[EventDate "1999.??.??"]
[EventType "corr"]
[SourceDate "2009.11.04"]

1. e4 c5 2. c3 Nf6 3. e5 Nd5 4. d4 cxd4 5. Nf3 Nc6 6. Bc4 Nb6 7. Bb3 d5 8. exd6
Qxd6 9. Na3 dxc3 10. Qe2 Bf5 11. Nb5 Qd7 12. Ne5 Nxe5 13. Qxe5 f6 14. Nc7+ Kd8
15. Ne6+ Bxe6 16. Qxe6 Qxe6+ 17. Bxe6 Na4 18. b4 a5 19. Be3 axb4 20. O-O-O+ Kc7
21. Rd7+ Kc6 22. Rhd1 Nc5 23. Bxc5 Kxc5 24. Rxb7 g6 25. Rd5+ Kc6 26. Rxb4 Bh6+
27. Kc2 Rxa2+ 28. Kxc3 Rha8 29. Rc4+ Kb6 1/2-1/2

[Event "14MCR_F"]
[Site "?"]
[Date "1999.??.??"]
[Round "?"]
[White "Hala, Martin"]
[Black "Rybak, Milan"]
[Result "1-0"]
[WhiteElo "2435"]
[BlackElo "2440"]
[PlyCount "55"]
[EventDate "1999.??.??"]
[EventType "corr"]
[SourceDate "2009.11.04"]

1. e4 e5 2. Nf3 Nc6 3. Bb5 f5 4. Nc3 fxe4 5. Nxe4 Nf6 6. Nxf6+ Qxf6 7. Qe2 Be7
8. Bxc6 dxc6 9. Nxe5 Bf5 10. O-O O-O 11. d4 Bd6 12. c3 Bxe5 13. Qxe5 Qf7 14.
Qg3 Rae8 15. Bf4 Re6 16. Rfe1 Rg6 17. Qe3 Be6 18. Bg3 Bd5 19. b3 h5 20. f3 b5
21. Qd2 Bxf3 22. Rf1 Qd5 23. gxf3 h4 24. Kg2 Qd6 25. Qf2 hxg3 26. hxg3 Rh6 27.
Rh1 Rxh1 28. Rxh1 1-0

[Event "14MCR_F"]
[Site "?"]
[Date "1999.??.??"]
[Round "?"]
[White "Rybak, Milan"]
[Black "Vavrla, Zdenek"]
[Result "1-0"]
[WhiteElo "2440"]
[BlackElo "2440"]
[PlyCount "99"]
[EventDate "1999.??.??"]
[EventType "corr"]
[SourceDate "2009.11.04"]

1. e4 e5 2. Nf3 Nc6 3. Bc4 Nf6 4. d4 exd4 5. e5 Ng4 6. Qe2 Qe7 7. Bf4 d6 8.
exd6 Qxe2+ 9. Bxe2 Bxd6 10. Bxd6 cxd6 11. Na3 O-O 12. Rd1 a6 13. Nxd4 d5 14. c3
Re8 15. Nac2 Bd7 16. O-O Nxd4 17. Nxd4 Re5 18. Rde1 Rae8 19. Bxg4 Bxg4 20. Rxe5
Rxe5 21. f3 Bd7 22. Kf2 Kf8 23. Rd1 Ke7 24. Nc2 g5 25. Rd4 f6 26. f4 gxf4 27.
Rb4 Bc8 28. Rxf4 Re4 29. Rxe4+ dxe4 30. Ke3 f5 31. Kf4 Kf6 32. Ne3 Be6 33. c4
a5 34. b3 Bd7 35. h3 h5 36. h4 Be6 37. c5 Kf7 38. Ke5 Bd7 39. g3 Kg6 40. a3 Kf7
41. b4 axb4 42. axb4 Kg6 43. Nd5 Kf7 44. Nf4 Bb5 45. Kd4 Bc6 46. Nxh5 Kg6 47.
Nf4+ Kf6 48. Ne2 Bd7 49. Ke3 Ke5 50. Nd4 1-0

[Event "14MCR_F"]
[Site "?"]
[Date "1999.??.??"]
[Round "?"]
[White "Jurik, Zdenek"]
[Black "Pospisil, Ludvik"]
[Result "0-1"]
[WhiteElo "2200"]
[BlackElo "2330"]
[PlyCount "34"]
[EventDate "1999.??.??"]
[EventType "corr"]
[SourceDate "2009.11.04"]

1. e4 e5 2. Nf3 Nc6 3. Bc4 Bc5 4. c3 Nf6 5. d3 d6 6. b4 Bb6 7. a4 a6 8. O-O O-O
9. Nbd2 Qe7 10. Ba3 Bd7 11. Bb3 Ba7 12. Nc4 Nd8 13. b5 axb5 14. axb5 Bxb5 15.
Nfxe5 Ne6 16. Nf3 Bc5 17. Bb2 Rxa1 0-1

[Event "14MCR_F"]
[Site "?"]
[Date "1999.??.??"]
[Round "?"]
[White "Pospisil, Ludvik"]
[Black "Pesr, Jaromir"]
[Result "1-0"]
[WhiteElo "2330"]
[BlackElo "2225"]
[PlyCount "57"]
[EventDate "1999.??.??"]
[EventType "corr"]
[SourceDate "2009.11.04"]

1. e4 c5 2. Nf3 d6 3. d4 cxd4 4. Qxd4 Nc6 5. Bb5 Bd7 6. Bxc6 Bxc6 7. Nc3 Nf6 8.
Bg5 e6 9. O-O-O Be7 10. Rhe1 O-O 11. Qd2 Qb6 12. Nd4 Rfc8 13. f3 Be8 14. g4 Qa6
15. Kb1 b5 16. Nce2 b4 17. Ng3 Rc5 18. Nb3 Rb5 19. Bxf6 Bxf6 20. Qxd6 Rb6 21.
Qd3 Bb5 22. Qe3 Bc4 23. g5 Bd8 24. Nf5 e5 25. h4 Rb5 26. Qd2 Bb6 27. h5 Bxb3
28. cxb3 Ra5 29. g6 1-0

[Event "14MCR_F"]
[Site "?"]
[Date "1999.??.??"]
[Round "?"]
[White "Omelka, Roman"]
[Black "Pospisil, Ludvik"]
[Result "1/2-1/2"]
[WhiteElo "2255"]
[BlackElo "2330"]
[PlyCount "51"]
[EventDate "1999.??.??"]
[EventType "corr"]
[SourceDate "2009.11.04"]

1. e4 e5 2. Nf3 Nc6 3. Bb5 a6 4. Ba4 Nf6 5. O-O Be7 6. Re1 b5 7. Bb3 d6 8. c3
O-O 9. h3 Na5 10. Bc2 c5 11. d4 cxd4 12. cxd4 Bb7 13. Nbd2 exd4 14. Nxd4 Re8
15. Nf1 Bf8 16. Ng3 Rc8 17. b3 d5 18. e5 Ne4 19. Nxe4 dxe4 20. Bxe4 Bb4 21.
Bxb7 Nxb7 22. Re2 Bc3 23. Bb2 Bxb2 24. Rxb2 Rxe5 25. Rd2 Qb6 26. Nf3 1/2-1/2

[Event "14MCR_F"]
[Site "?"]
[Date "1999.??.??"]
[Round "?"]
[White "Pospisil, Ludvik"]
[Black "Matousek, Jan st."]
[Result "1-0"]
[WhiteElo "2330"]
[BlackElo "2285"]
[PlyCount "75"]
[EventDate "1999.??.??"]
[EventType "corr"]
[SourceDate "2009.11.04"]

1. e4 c5 2. Nf3 d6 3. d4 cxd4 4. Qxd4 Nc6 5. Bb5 Bd7 6. Bxc6 Bxc6 7. Nc3 Nf6 8.
Bg5 e6 9. O-O-O Be7 10. Rhe1 O-O 11. Qd2 Qc7 12. Nd4 Rfd8 13. Kb1 Rab8 14. f3
b5 15. g4 b4 16. Nce2 a5 17. h4 a4 18. Nf4 b3 19. cxb3 axb3 20. a3 Ba4 21. Nh5
Nxh5 22. Bxe7 Qxe7 23. Qa5 Ra8 24. Qxh5 Qc7 25. Qg5 Qc4 26. h5 Qc5 27. Qd2 d5
28. Rc1 Qb6 29. e5 Rdc8 30. h6 g6 31. Qf4 Qd8 32. g5 Qe7 33. Rxc8+ Rxc8 34. Re3
Rc4 35. Rd3 Qc7 36. Qe3 Qa7 37. Nxb3 Qxe3 38. Rxe3 1-0

[Event "14MCR_F"]
[Site "?"]
[Date "1999.??.??"]
[Round "?"]
[White "Matousek, Jan ml."]
[Black "Pospisil, Ludvik"]
[Result "0-1"]
[WhiteElo "2290"]
[BlackElo "2330"]
[PlyCount "124"]
[EventDate "1999.??.??"]
[EventType "corr"]
[SourceDate "2009.11.04"]

1. d4 d5 2. c4 e6 3. Nc3 c6 4. Nf3 dxc4 5. a4 Bb4 6. e3 b5 7. Bd2 a5 8. axb5
Bxc3 9. Bxc3 cxb5 10. b3 Bb7 11. bxc4 b4 12. Bb2 Nf6 13. Bd3 Nbd7 14. Qc2 O-O
15. e4 Nh5 16. Bc1 Qc7 17. O-O Nf4 18. Bxf4 Qxf4 19. c5 Rfc8 20. Rfe1 Bc6 21.
Rad1 g6 22. Rb1 Rab8 23. Nd2 a4 24. g3 Qc7 25. Nc4 b3 26. Qe2 Qa7 27. Red1 a3
28. Ra1 a2 29. Qb2 Rd8 30. Ne3 e5 31. Bc4 Bxe4 32. c6 Bxc6 33. dxe5 Qc5 34.
Bxb3 Nxe5 35. Qxa2 Nf3+ 36. Kf1 Nxh2+ 37. Kg1 Nf3+ 38. Kf1 Rxd1+ 39. Rxd1 Ra8
40. Qc2 Qh5 41. Qc3 Ne5 42. Ke1 Bb5 43. Kd2 Qe2+ 44. Kc1 Nd3+ 45. Kb1 Nxf2 46.
Bxf7+ Kxf7 47. Qc7+ Kg8 48. Rd8+ Be8 49. Rxa8 Qxe3 50. Qc4+ Kg7 51. Rxe8 Qxe8
52. Qd4+ Kg8 53. Qxf2 Qe4+ 54. Kc1 Qc4+ 55. Kb2 h5 56. Qe3 Kf7 57. Qg5 Qe4 58.
Kc1 Ke6 59. Qd2 Qc6+ 60. Kb2 Qb6+ 61. Kc2 Qc7+ 62. Kd1 Qd6 0-1

[Event "14MCR_F"]
[Site "?"]
[Date "1999.??.??"]
[Round "?"]
[White "Pospisil, Ludvik"]
[Black "Straka, Zdenek"]
[Result "1/2-1/2"]
[WhiteElo "2330"]
[BlackElo "2295"]
[PlyCount "31"]
[EventDate "1999.??.??"]
[EventType "corr"]
[SourceDate "2009.11.04"]

1. e4 e5 2. f4 exf4 3. Nf3 Ne7 4. d4 d5 5. Nc3 dxe4 6. Nxe4 Nd5 7. Bd3 Be7 8.
O-O O-O 9. c4 Ne3 10. Bxe3 fxe3 11. Qe2 f5 12. Nc3 f4 13. Qc2 g6 14. Bxg6 hxg6
15. Qxg6+ Kh8 16. Qh6+ 1/2-1/2

[Event "14MCR_F"]
[Site "?"]
[Date "1999.??.??"]
[Round "?"]
[White "Jandovsky, Viktor"]
[Black "Pospisil, Ludvik"]
[Result "0-1"]
[WhiteElo "2315"]
[BlackElo "2330"]
[PlyCount "104"]
[EventDate "1999.??.??"]
[EventType "corr"]
[SourceDate "2009.11.04"]

1. e4 e5 2. Nf3 Nc6 3. Bb5 a6 4. Ba4 Nf6 5. O-O Be7 6. Re1 b5 7. Bb3 d6 8. c3
O-O 9. h3 Na5 10. Bc2 c5 11. d4 cxd4 12. cxd4 exd4 13. Nxd4 Bb7 14. Nd2 Re8 15.
Nf1 Bf8 16. Ng3 Rc8 17. Bf4 Nc4 18. b3 Ne5 19. Qd2 Ng6 20. Rad1 Nxf4 21. Qxf4
b4 22. Bb1 Rc5 23. Ndf5 Rce5 24. Rd4 d5 25. Qg5 Kh8 26. f4 R5e6 27. Kh2 Qb6 28.
e5 g6 29. Rdd1 gxf5 30. Qxf5 Ne4 31. Nxe4 dxe4 32. Qxf7 R6e7 33. Qh5 Bh6 34.
Qh4 Qg6 35. Rd6 Re6 36. Rd7 Bc6 37. Rc7 Qf5 38. g3 Rg8 39. Rxc6 Rxc6 40. Bxe4
Qd7 41. Rg1 Rb6 42. Rg2 Qd1 43. Rc2 Qe1 44. Bf5 Rf8 45. Qe7 Bg7 46. Bg4 Rbb8
47. Re2 Qc3 48. Qd6 Rfd8 49. Bd7 Rbc8 50. e6 Qf3 51. Rg2 Rc1 52. e7 Re8 0-1

[Event "14MCR_F"]
[Site "?"]
[Date "1999.??.??"]
[Round "?"]
[White "Pospisil, Ludvik"]
[Black "Ptak, Pavel"]
[Result "1-0"]
[WhiteElo "2330"]
[BlackElo "2330"]
[PlyCount "97"]
[EventDate "1999.??.??"]
[EventType "corr"]
[SourceDate "2009.11.04"]

1. e4 e6 2. d4 d5 3. e5 c5 4. c3 Nc6 5. Nf3 Bd7 6. Be2 f6 7. O-O fxe5 8. Nxe5
Nxe5 9. dxe5 Ne7 10. Bg5 Qc7 11. Bh5+ g6 12. Bf6 Rg8 13. Bg4 Bg7 14. Re1 Nc6
15. c4 d4 16. Nd2 Nxe5 17. Bxe6 Bxe6 18. Rxe5 Bxf6 19. Rxe6+ Kf7 20. Qe2 Rge8
21. Re1 d3 22. Qe3 Rxe6 23. Qxe6+ Kg7 24. Ne4 Rf8 25. Nxf6 Rxf6 26. Qd5 Qf4 27.
f3 d2 28. Rd1 b6 29. Qd7+ Rf7 30. Qd3 Qh4 31. Qc3+ Kg8 32. Qxd2 Re7 33. b3 Kf7
34. g3 Qf6 35. Kf2 Kg7 36. f4 h5 37. Re1 Rxe1 38. Qxe1 Qb2+ 39. Qe2 Qb1 40. h3
Kf7 41. Qd2 Kg7 42. g4 hxg4 43. hxg4 Kf6 44. Qc3+ Kf7 45. a4 Qh1 46. Kg3 Qg1+
47. Kh4 Qf2+ 48. Qg3 Qd4 49. Qf3 1-0

[Event "14MCR_F"]
[Site "?"]
[Date "1999.??.??"]
[Round "?"]
[White "Ramik, Jiri"]
[Black "Pospisil, Ludvik"]
[Result "1/2-1/2"]
[WhiteElo "2345"]
[BlackElo "2330"]
[PlyCount "41"]
[EventDate "1999.??.??"]
[EventType "corr"]
[SourceDate "2009.11.04"]

1. d4 d5 2. c4 e6 3. Nf3 c6 4. e3 Nf6 5. Nc3 Nbd7 6. Qc2 Bd6 7. Be2 O-O 8. O-O
dxc4 9. Bxc4 b5 10. Be2 Bb7 11. Rd1 Qc7 12. h3 a6 13. e4 e5 14. dxe5 Nxe5 15.
Bg5 Nxf3+ 16. Bxf3 Qe7 17. Ne2 h6 18. Be3 Rad8 19. Rac1 Rfe8 20. Nd4 Qc7 21.
Nf5 1/2-1/2

[Event "14MCR_F"]
[Site "?"]
[Date "1999.??.??"]
[Round "?"]
[White "Pospisil, Ludvik"]
[Black "Cerny, Jan"]
[Result "1-0"]
[WhiteElo "2330"]
[BlackElo "2355"]
[PlyCount "63"]
[EventDate "1999.??.??"]
[EventType "corr"]
[SourceDate "2009.11.04"]

1. e4 c6 2. d4 d5 3. exd5 cxd5 4. Bd3 Nf6 5. c3 Nc6 6. Bf4 Bg4 7. Qb3 Qd7 8.
Nd2 e6 9. Ngf3 Bxf3 10. Nxf3 Bd6 11. Bxd6 Qxd6 12. O-O O-O 13. Rae1 Rab8 14.
Ne5 b5 15. a3 a5 16. f4 b4 17. Qa4 Ne7 18. Qxa5 bxa3 19. Qxa3 Qxa3 20. bxa3 Rb3
21. a4 Rxc3 22. a5 Ra8 23. a6 Ne4 24. Rc1 Ra3 25. Ra1 Rc3 26. Rfc1 Rxc1+ 27.
Rxc1 Nd6 28. Rc7 Ndc8 29. Kf2 Ra7 30. Rb7 Ra8 31. g4 Kf8 32. Nd7+ 1-0

[Event "14MCR_F"]
[Site "?"]
[Date "1999.??.??"]
[Round "?"]
[White "Merlicek, Jiri"]
[Black "Pospisil, Ludvik"]
[Result "1/2-1/2"]
[WhiteElo "2380"]
[BlackElo "2330"]
[PlyCount "34"]
[EventDate "1999.??.??"]
[EventType "corr"]
[SourceDate "2009.11.04"]

1. Nf3 d5 2. d4 c6 3. c4 e6 4. Qc2 Nf6 5. Bg5 dxc4 6. Qxc4 Nbd7 7. Nbd2 Qa5 8.
Qc2 Be7 9. e3 c5 10. Bh4 b6 11. dxc5 Qxc5 12. Qxc5 Nxc5 13. Rc1 O-O 14. Be2 Bb7
15. O-O Rac8 16. Nd4 Rfd8 17. Rfd1 Bd5 1/2-1/2

[Event "14MCR_F"]
[Site "?"]
[Date "1999.??.??"]
[Round "?"]
[White "Pospisil, Ludvik"]
[Black "Urbanek, Stepan"]
[Result "1-0"]
[WhiteElo "2330"]
[BlackElo "2385"]
[PlyCount "73"]
[EventDate "1999.??.??"]
[EventType "corr"]
[SourceDate "2009.11.04"]

1. e4 c5 2. Nf3 e6 3. b3 a6 4. Bb2 d6 5. d4 cxd4 6. Nxd4 Nf6 7. Bd3 Nbd7 8. c4
Nc5 9. Nc3 Nxd3+ 10. Qxd3 Qc7 11. O-O Be7 12. Rad1 O-O 13. f4 Rd8 14. Kh1 Bf8
15. f5 Ng4 16. fxe6 fxe6 17. Qg3 Ne5 18. Nf3 Nxf3 19. Rxf3 b6 20. Ba3 Bb7 21.
Rxf8+ Rxf8 22. Bxd6 Rad8 23. h3 Qf7 24. Bxf8 Rxd1+ 25. Nxd1 Qf1+ 26. Kh2 Qxf8
27. Qe5 Qc8 28. Qd6 Qc6 29. Qxc6 Bxc6 30. e5 Kf7 31. b4 Ke7 32. Kg3 Be4 33. Ne3
Bd3 34. Kf4 h6 35. h4 Kd7 36. Kf3 Kc7 37. Kf2 1-0

[Event "14MCR_F"]
[Site "?"]
[Date "1999.??.??"]
[Round "?"]
[White "Jurik, Zdenek"]
[Black "Rybak, Milan"]
[Result "0-1"]
[WhiteElo "2200"]
[BlackElo "2440"]
[PlyCount "44"]
[EventDate "1999.??.??"]
[EventType "corr"]
[SourceDate "2009.11.04"]

1. c4 e6 2. Nf3 d5 3. d4 c5 4. cxd5 exd5 5. g3 Nc6 6. Bg2 Nf6 7. O-O Be7 8.
dxc5 Bxc5 9. Ne1 h6 10. Nd3 Bb6 11. b3 Bf5 12. Nc3 O-O 13. Bb2 Re8 14. Nf4 d4
15. Na4 Be4 16. Nxb6 Qxb6 17. Bxe4 Nxe4 18. Qd3 Rad8 19. Rfd1 Nb4 20. Qf3 Ng5
21. Qg4 g6 22. a3 d3 0-1